Outline of the U.S. legal system
Every business day, courts throughout the United States render decisions that together affect many thousands of people. Some affect only the parties to a particular legal action, but others adjudicate rights, benefits, and legal principles that have an impact on all Americans. This book surveys that...
Na minha lista:
| Formato: | Livro |
|---|---|
| Idioma: | Undetermined |
| Publicado em: |
United States
U.S. Dept of State. Bureau of International Information Programs
2004
|
| Assuntos: | |
| Tags: |
Adicionar Tag
Sem tags, seja o primeiro a adicionar uma tag!
|
| Thư viện lưu trữ: | Trung tâm Học liệu Trường Đại học Cần Thơ |
|---|
| LEADER | 01250nam a2200193Ia 4500 | ||
|---|---|---|---|
| 001 | CTU_226103 | ||
| 008 | 210402s9999 xx 000 0 und d | ||
| 082 | |a 347.0973 | ||
| 082 | |b O.94 | ||
| 245 | 0 | |a Outline of the U.S. legal system | |
| 260 | |a United States | ||
| 260 | |b U.S. Dept of State. Bureau of International Information Programs | ||
| 260 | |c 2004 | ||
| 520 | |a Every business day, courts throughout the United States render decisions that together affect many thousands of people. Some affect only the parties to a particular legal action, but others adjudicate rights, benefits, and legal principles that have an impact on all Americans. This book surveys that system. Much of the discussion explains how U.S. courts are organized and how they work. This introduction seeks to familiarize readers with the basic structure and vocabulary of American law, and afford a sense of how the U.S. legal system has evolved to meet the needs of a growing nation and its ever more complex economic and social realities. | ||
| 650 | |a Law,Luật | ||
| 650 | |x Interpretation and construction,Giải thích và xây dựng | ||
| 650 | |z United States,Hoa Kỳ | ||
| 910 | |b nthai | ||
| 980 | |a Trung tâm Học liệu Trường Đại học Cần Thơ | ||